The Children's World History Atlas / (Record no. 615146)
[ view plain ]
| 000 -LEADER | |
|---|---|
| fixed length control field | 00338nam a22001217a 4500 |
| 020 ## - INTERNATIONAL STANDARD BOOK NUMBER | |
| International Standard Book Number | 185301602 |
| 082 ## - DEWEY DECIMAL CLASSIFICATION NUMBER | |
| Classification number | 808.8992,BRE |
| 100 ## - MAIN ENTRY--PERSONAL NAME | |
| Personal name | Brendon, Stuart |
| 9 (RLIN) | 131087 |
| 245 ## - TITLE STATEMENT | |
| Title | The Children's World History Atlas / |
| Statement of responsibility, etc. | Stuart Brendon |
| 260 ## - PUBLICATION, DISTRIBUTION, ETC. | |
| Place of publication, distribution, etc. | U.K |
| Name of publisher, distributor, etc. | Grandreams Limited |
| Date of publication, distribution, etc. | 1996 |
| 650 ## - SUBJECT ADDED ENTRY--TOPICAL TERM | |
| Topical term or geographic name entry element | World History Atlas |
| 9 (RLIN) | 131088 |
| 942 ## - ADDED ENTRY ELEMENTS (KOHA) | |
| Source of classification or shelving scheme | |
| Koha item type | Book |
| Withdrawn status | Lost status | Source of classification or shelving scheme | Damaged status | Not for loan | Permanent Location | Current Location | Shelving location | Date acquired | Full call number | Barcode | Date last seen | Price effective from | Koha item type | Public note |
|---|---|---|---|---|---|---|---|---|---|---|---|---|---|---|
| Military College of Signals (MCS) | Military College of Signals (MCS) | General Stacks | 10/09/2025 | 808.8992,BRE | MCS2068 | 10/09/2025 | 10/09/2025 | Book | Almirah No.76, Shelf No.3 |
